| 000 | 00625 a2200169 4500 | ||
|---|---|---|---|
| 003 | Nust | ||
| 005 | 20221125092003.0 | ||
| 040 | _cNust | ||
| 082 | _a526.21,KRA | ||
| 100 |
_a Mainwaring, James. _9103548 |
||
| 245 |
_aAn introduction to the study of map projection / _cJames Mainwaring |
||
| 260 |
_aLondon, _bMacmillan, _c 1942. |
||
| 300 |
_aviii, 113 p. _bdiagrs. 23 cm. |
||
| 505 | _aSection One The Problem of Map Projections (Page-2), Section Two The Process of Map Projection (Page-25), Sections Three The Projections Applied (Page-91). | ||
| 650 |
_a study of map projection, _9103549 |
||
| 942 |
_2ddc _cBK _k526.8,MAI |
||
| 999 |
_c181364 _d181364 |
||